| 000 | 00669nam a2200205 a 4500 | ||
|---|---|---|---|
| 005 | 20151217073818.0 | ||
| 008 | 140319b2004 ||||| |||| 00| 0 spa d | ||
| 040 |
_aCO-BoIAVH _cCO-BoIAVH |
||
| 041 | _aspa | ||
| 044 | _acr | ||
| 082 |
_a597.9207286 _bC58c |
||
| 110 | 1 | _bSecretaría CIT | |
| 245 | 1 | 0 |
_aConvención Interamericana para la protección y conservación de las tortugas marinas (CIT) : _buna introducción |
| 260 |
_aSan José, Costa Rica: _bCIT, _c2004. |
||
| 300 | _a35 páginas. | ||
| 650 | 1 | 4 |
_aFauna silvestre _xconservación _zCosta Rica |
| 650 | 1 | 4 |
_aTortugas marinas _zCosta Rica |
| 942 |
_cLIBRO _2ddc |
||
| 945 | _d2006-09-20 | ||
| 999 |
_c5265 _d5265 |
||